| 000 -LEADER |
| fixed length control field |
00584nam a22001817a 4500 |
| 005 - DATE AND TIME OF LATEST TRANSACTION |
| control field |
20260122160211.0 |
| 008 - FIXED-LENGTH DATA ELEMENTS--GENERAL INFORMATION |
| fixed length control field |
240305b ||||| |||| 00| 0 eng d |
| 040 ## - CATALOGING SOURCE |
| Original cataloging agency |
SSBUL |
| Transcribing agency |
SSBUL |
| 082 ## - DEWEY DECIMAL CLASSIFICATION NUMBER |
| Edition number |
23 |
| Classification number |
821 |
| Item number |
An |
| 100 1# - MAIN ENTRY--PERSONAL NAME |
| Personal name |
Anada, Ashin |
| 9 (RLIN) |
37557 |
| 245 10 - TITLE STATEMENT |
| Title |
Fifty selected poeams / |
| Statement of responsibility, etc. |
Ashin Ananda. |
| 260 ## - PUBLICATION, DISTRIBUTION, ETC. |
| Place of publication, distribution, etc. |
ရန်ကုန် ၊ |
| Name of publisher, distributor, etc. |
ခရမ်းရောင်စာစဉ်၊ |
| Date of publication, distribution, etc. |
၁၉၈၆။ |
| 300 ## - PHYSICAL DESCRIPTION |
| Extent |
133 pages ; |
| Dimensions |
24 cm. |
| 500 ## - GENERAL NOTE |
| General note |
Prof. Nicola Tannenbaum<br/><br/> |
|
| General note |
S-SAT: Dr. Prof Sai Aung Tun |
| 650 ## - SUBJECT ADDED ENTRY--TOPICAL TERM |
| Topical term or geographic name entry element |
English |
| General subdivision |
poetry |
| 9 (RLIN) |
37558 |
| 942 ## - ADDED ENTRY ELEMENTS (KOHA) |
| Source of classification or shelving scheme |
|
| Koha item type |
Book (Short term) |